[Event "Moscow op-A 15th"]
[Site "Moscow"]
[Date "2019.02.03"]
[Round "9"]
[White "Lingur, Zalina"]
[Black "Demidov, Leonid"]
[Result "0-1"]
[WhiteElo "2081"]
[BlackElo "2194"]
[PlyCount "100"]
[EventDate "2019.01.26"]
[EventType "swiss"]
[EventRounds "9"]
[EventCountry "RUS"]
[SourceTitle "CBM 188 Extra"]
[Source "ChessBase"]
[SourceDate "2019.02.28"]
[SourceVersion "1"]
[SourceVersionDate "2019.02.28"]
[SourceQuality "1"]

1. e4 d5 2. exd5 Qxd5 3. Nc3 Qa5 4. Bc4 Nf6 5. d3 Nc6 6. Bd2 Qf5 7. Nge2 Be6 8. Bb5 Bd7 9. 0-0 a6 10. Ba4 e6 11. Be3 Bd6 12. Ng3 Qg6 13. Nce4 0-0 14. Nxd6 cxd6 15. c3 Nd5 16. Bc2 f5 17. Bd2 e5 18. f4 Rae8 19. Qf3 Nde7 20. Rae1 Kh8 21. Qf2 Qf7 22. fxe5 dxe5 23. Ne4 Qxa2 24. Nd6 Rb8 25. Nc4 b5 26. Ra1 Qxa1 27. Rxa1 bxc4 28. dxc4 a5 29. b4 axb4 30. cxb4 Nd4 31. Bd1 f4 32. b5 Nef5 33. Bg4 Be6 34. Bxf5 Rxf5 35. Rc1 f3 36. Rc3 Ne2+ 37. Kh1 fxg2+ 38. Qxg2 Nxc3 39. Bxc3 Rbf8 40. Qc6 Rf1+ 41. Kg2 R1f2+ 42. Kg3 R2f6 43. Bxe5 Rg6+ 44. Kh4 Bc8 45. Qc7 Rg4+ 46. Kh5 Kg8 47. Bg3 h6 48. h4 Re4 49. Be5 Rf5+ 50. Kg6 Rg4# 0-1

[Event "Moscow op-A 15th"]
[Site "Moscow"]
[Date "2019.01.27"]
[Round "2"]
[White "Demidov, Leonid"]
[Black "Pogorelskikh, Sofia"]
[Result "1-0"]
[WhiteElo "2194"]
[BlackElo "1989"]
[PlyCount "121"]
[EventDate "2019.01.26"]
[EventType "swiss"]
[EventRounds "9"]
[EventCountry "RUS"]
[SourceTitle "CBM 188 Extra"]
[Source "ChessBase"]
[SourceDate "2019.02.28"]
[SourceVersion "1"]
[SourceVersionDate "2019.02.28"]
[SourceQuality "1"]

1. e4 c5 2. Nf3 d6 3. c3 Nf6 4. Qc2 Bg4 5. d4 cxd4 6. cxd4 e6 7. Be3 Be7 8. Nc3 0-0 9. 0-0-0 d5 10. e5 Ne4 11. Bd3 Nxc3 12. bxc3 Bf5 13. Bxf5 exf5 14. Qxf5 Qa5 15. Kd2 g6 16. Qb1 Nd7 17. Ke1 Qxc3+ 18. Bd2 Qa3 19. h4 Rfc8 20. h5 Qa6 21. hxg6 hxg6 22. Ng5 Nf8 23. Qb3 Rc4 24. Qh3 Bf6 25. exf6 Re8+ 26. Be3 Qxf6 27. Nh7 Nxh7 28. Qxh7+ Kf8 29. Qh8+ Ke7 30. Qxf6+ Kxf6 31. Ke2 Ra4 32. Rd2 Rc8 33. Rb1 b6 34. Rb3 Rc1 35. Bf4 Ra1 36. Be5+ Kf5 37. Rf3+ Ke6 38. Rf6+ Ke7 39. Rd6 Ra5 40. Kf3 Ra3+ 41. Kg4 R1xa2 42. Rxa2 Rxa2 43. Rxd5 Rxf2 44. g3 f6 45. Bb8 Ra2 46. Kf4 a6 47. Rd6 b5 48. Rb6 Rb2 49. Rxa6 b4 50. Bd6+ Kd7 51. Bc5 b3 52. Rb6 Rb1 53. Ke4 b2 54. Kd5 f5 55. Ba3 Rg1 56. Rxb2 Rxg3 57. Bd6 Rg1 58. Rb7+ Kc8 59. Rf7 Rf1 60. Kc6 Rc1+ 61. Bc5 1-0

[Event "Capital of Sibiria op"]
[Site "Novosibirsk"]
[Date "2002.07.27"]
[Round "9"]
[White "Demidov, Leonid"]
[Black "Kirillova, Varvara"]
[Result "1-0"]
[WhiteElo "2246"]
[BlackElo "2109"]
[PlyCount "64"]
[EventDate "2002.07.19"]
[EventType "swiss"]
[EventRounds "9"]
[EventCountry "RUS"]
[SourceTitle "CBM 089 Extra"]
[Source "ChessBase"]
[SourceDate "2002.09.10"]
[SourceVersion "2"]
[SourceVersionDate "2002.09.10"]
[SourceQuality "1"]

1. e4 d6 2. d4 Nf6 3. Nc3 e5 4. dxe5 dxe5 5. Qxd8+ Kxd8 6. Bg5 Be6 7. Nd5 Nbd7 8. f4 exf4 9. Nxf4 Be7 10. Nxe6+ fxe6 11. Bd3 Nc5 12. 0-0-0 Ke8 13. Nf3 Ng4 14. Rd2 Bxg5 15. Nxg5 Ne5 16. Nf3 Ncd7 17. Rhd1 Ke7 18. Bc4 h6 19. b4 g5 20. Bb3 a5 21. c3 a4 22. Bc2 g4 23. Nd4 Nb6 24. Rf2 Rhf8 25. Rdf1 Rxf2 26. Rxf2 Nbc4 27. Kd1 c6 28. Ke2 b5 29. Rf4 h5 30. Bd3 Nb2 31. Bc2 Rg8 32. Ke3 Nbc4+ 1-0